| 000 | 00609nam a2200253Ia 4500 | ||
|---|---|---|---|
| 008 | 210210b2010 xxu||||| |||| 00| 0 eng d | ||
| 020 | _a9780521521048 | ||
| 041 | _aeng | ||
| 082 | _a956 CHAD | ||
| 100 | _aCHATTY (Dawn) | ||
| 245 | _aDisplacement and dispossession in the modern middle east | ||
| 260 |
_aCambridge _bCambridge University Press _c2010 |
||
| 300 | _axiv,335 | ||
| 650 | _athe | ||
| 650 | _amodern | ||
| 650 | _amiddle | ||
| 650 | _ain | ||
| 650 | _aeast | ||
| 650 | _adispossession | ||
| 650 | _aDisplacement | ||
| 650 | _aand | ||
| 690 | _aAsian History | ||
| 906 | _a064991 | ||
| 999 |
_c141648 _d141648 |
||